Normal view
MARC view
- TANKS OF THE WORLD 1915-45
Entry Topical Term
001 - CONTROL NUMBER
- control field: 79610
003 - CONTROL NUMBER IDENTIFIER
- control field: NUST
005 - DATE AND TIME OF LATEST TRANSACTION
- control field: 20210628210508.0
008 - FIXED-LENGTH DATA ELEMENTS
- fixed length control field: 210628|| aca||aabn | a|a d
040 ## - CATALOGING SOURCE
- Original cataloging agency: NUST
- Transcribing agency: NUST
150 ## - HEADING--TOPICAL TERM
- Topical term or geographic name entry element: TANKS OF THE WORLD 1915-45
670 ## - SOURCE DATA FOUND
- Source citation: Work cat.: (NUST): Ellis, Chris Chamberlain, Peter 79609, Pictorial history of tanks of the world 1915-45 over 1000 illustrations, 1972
